000 00292nam a2200121Ia 4500
005 20251222154402.0
008 251222s9999||||xx |||||||||||||| ||spa||
020 _a84-320-9108-1
082 _a891.63/B18
100 _a"Ballantyne, Robert Michael"
245 0 _aLa isla de coral
942 _cLIB
999 _c35340
_d35340